00545nam a22001937a 450000500170000001000130001702000210003003500130005103700160006404000120008008200130009210000240010524500680012926000580019727000380025530000210029365000170031465000200033120170124110228.0 aA-842548 c75.00a818686802 aA-842548 bCen Lib/Ret aDPLbEN a280bPUL aPulikkunnel, Joseph aindentity of nazrani church of Kerala /cby Joseph Pulikkunnel  aKottayambIndia institute of christian studies c1997 bKottayamaHosanna mont, edamattom a152p.c22cm(pbk) aChristianity aChurchzKerala